| 000 | 00457nam a2200181Ia 4500 | ||
|---|---|---|---|
| 003 | IN-BaIIA | ||
| 005 | 20221116111155.0 | ||
| 008 | 211028s9999 xx 000 0 eng d | ||
| 040 | _cIIA LIB | ||
| 080 |
_a524.3 _bCAM |
||
| 100 |
_aCameron, A. G. W _98281 |
||
| 245 | 0 |
_aGalactic and stellar physics _cA. G. W. Cameron |
|
| 260 | _c1965 | ||
| 300 | _a612p. | ||
| 650 |
_a Stellar physics _98282 |
||
| 650 |
_aGalactic physics _98283 |
||
| 942 |
_cBK _2ddc |
||
| 999 |
_c4678 _d4678 |
||